<?xml version="1.0" encoding="UTF-8"?>
<record
    xmlns:xsi="http://www.w3.org/2001/XMLSchema-instance"
    xsi:schemaLocation="http://www.loc.gov/MARC21/slim http://www.loc.gov/standards/marcxml/schema/MARC21slim.xsd"
    xmlns="http://www.loc.gov/MARC21/slim">

  <leader>01124nam a22001697a 4500</leader>
  <datafield tag="999" ind1=" " ind2=" ">
    <subfield code="c">7673</subfield>
    <subfield code="d">7673</subfield>
  </datafield>
  <datafield tag="020" ind1=" " ind2=" ">
    <subfield code="a">9789988844318 998884431X</subfield>
  </datafield>
  <datafield tag="050" ind1=" " ind2=" ">
    <subfield code="a">BX8322.G4</subfield>
    <subfield code="b">.F65</subfield>
  </datafield>
  <datafield tag="100" ind1=" " ind2=" ">
    <subfield code="a">Richard Foli </subfield>
  </datafield>
  <datafield tag="245" ind1=" " ind2=" ">
    <subfield code="a">Wesleyan heritage in Ghana : as portrayed by the addresses of Ghanaian heads of the Methodist Church Ghana to representatives sessions of conference 1962-2008 </subfield>
    <subfield code="c">Richard Foli 	</subfield>
  </datafield>
  <datafield tag="260" ind1=" " ind2=" ">
    <subfield code="a">Ghana : </subfield>
    <subfield code="b">The Methodist University College Ghana, Trust Publishers,</subfield>
    <subfield code="c">2008</subfield>
  </datafield>
  <datafield tag="300" ind1=" " ind2=" ">
    <subfield code="a">xv, 532 pages : </subfield>
    <subfield code="b">portraits ; </subfield>
    <subfield code="c">20 cm</subfield>
  </datafield>
  <datafield tag="505" ind1=" " ind2=" ">
    <subfield code="a"> 	1. Rev'd Dr. Francis C.F. Grant --
2. The Rev Thomas Wallace Koomson --
3. The Rev Charlses K. Yamoah --
4. The Rev Charles Awotwi Pratt --
5. The Rev Samuel Benyarku Essamuah --
6. The Most Rev'd Jocob Stanley Adamah Stephens --
7. Professor emeritus Most Rev Kwesi Abotsia Dickson --
8. Most Reverend Dr. Samuel Asante Antwi --
9. Most Reverend Dr. Robert Aboagye-Mensah --
10. The Rt. Rev. Prof. Emmanuel K. Asante.</subfield>
  </datafield>
  <datafield tag="650" ind1=" " ind2=" ">
    <subfield code="a"> Methodist Church Ghana -- History.    </subfield>
  </datafield>
  <datafield tag="650" ind1=" " ind2=" ">
    <subfield code="a"> Methodist Church Ghana -- Bishops -- Biography.   </subfield>
  </datafield>
  <datafield tag="650" ind1=" " ind2=" ">
    <subfield code="a">  Methodist Church Ghana. </subfield>
  </datafield>
  <datafield tag="942" ind1=" " ind2=" ">
    <subfield code="c">BK</subfield>
  </datafield>
  <datafield tag="952" ind1=" " ind2=" ">
    <subfield code="0">0</subfield>
    <subfield code="1">0</subfield>
    <subfield code="4">0</subfield>
    <subfield code="7">0</subfield>
    <subfield code="8">REF</subfield>
    <subfield code="a">MUCGM</subfield>
    <subfield code="b">MUCGM</subfield>
    <subfield code="c">GEN</subfield>
    <subfield code="d">2010-06-04</subfield>
    <subfield code="l">0</subfield>
    <subfield code="o">BX8322.G4 .F65</subfield>
    <subfield code="p">33521</subfield>
    <subfield code="r">2021-06-04 00:00:00</subfield>
    <subfield code="w">2021-06-04</subfield>
    <subfield code="y">BK</subfield>
  </datafield>
</record>
